000 00640nam a2200229 a 4500
001 ASIN0198084560
003 OSt
005 20150408114143.0
008 130927s2013 xxu eng d
020 _a9789350143834
040 _aMa-Un
082 0 4 _a629.8312
100 1 _a Panda, S.
_937949
245 1 0 _aControl Systems Engineering /
_cS. Panda, S. Padhy and S.R. Das
260 _aNew Delhi:
_bS. K. Kataria & Sons
_c2013.
300 _a357 p. ;
_c25 cm.
650 0 _aAutomatic control
_94843
650 0 _aSystems engineering
_936342
700 _aPadhy , S. .
_938030
700 _a Das S. R.
_938031
942 _2ddc
_cBOOK
999 _c31339
_d265839